[Event "Indore op 1st"]
[Site "Indore"]
[Date "2023.04.05"]
[Round "7"]
[White "Stupak, Kirill"]
[Black "Audi, Ameya"]
[Result "1/2-1/2"]
[WhiteElo "2413"]
[BlackElo "2387"]
[PlyCount "49"]
[EventDate "2023.04.01"]
[EventType "swiss"]
[EventRounds "10"]
[EventCountry "IND"]
[SourceTitle "CBM 213 Extra"]
[Source "ChessBase"]
[SourceDate "2023.05.31"]
[SourceVersion "1"]
[SourceVersionDate "2023.05.31"]
[SourceQuality "1"]

1. d4 Nf6 2. c4 g6 3. g3 Bg7 4. Bg2 0-0 5. Nf3 c5 6. d5 e6 7. Nc3 exd5 8. cxd5 d6 9. 0-0 Re8 10. Nd2 a6 11. a4 Nbd7 12. h3 Rb8 13. Nc4 Ne5 14. Na3 Nh5 15. e4 Bd7 16. f4 Nxg3 17. Rf2 b5 18. axb5 axb5 19. fxe5 Bxe5 20. Qf3 Qe7 21. Ne2 Nxe2+ 22. Rxe2 f5 23. Bf4 Bd4+ 24. Kh1 Qf6 25. Qg3 1/2-1/2

[Event "New Delhi op 20th"]
[Site "New Delhi"]
[Date "2023.03.26"]
[Round "6"]
[White "Stupak, Kirill"]
[Black "Aravindh, Chithambaram VR"]
[Result "0-1"]
[WhiteElo "2413"]
[BlackElo "2607"]
[PlyCount "108"]
[EventDate "2023.03.23"]
[EventType "swiss"]
[EventRounds "10"]
[EventCountry "IND"]
[SourceTitle "CBM 213 Extra"]
[Source "ChessBase"]
[SourceDate "2023.05.31"]
[SourceVersion "1"]
[SourceVersionDate "2023.05.31"]
[SourceQuality "1"]

1. d4 Nf6 2. c4 g6 3. Nc3 Bg7 4. g3 0-0 5. Bg2 Nc6 6. Nf3 d5 7. cxd5 Nxd5 8. 0-0 e5 9. Nxd5 e4 10. Nd2 Qxd5 11. Nxe4 Qxd4 12. Nc3 Be6 13. Bxc6 bxc6 14. Qxd4 Bxd4 15. Rd1 c5 16. Be3 Bxe3 17. fxe3 Rab8 18. Rd2 Rb4 19. Rc1 Rfb8 20. Rcc2 Kg7 21. a3 Rc4 22. e4 Rd4 23. Nb1 Rd6 24. e5 Rdd8 25. Rxd8 Rxd8 26. Rd2 Rb8 27. Nc3 c4 28. Kf2 g5 29. e4 f6 30. exf6+ Kxf6 31. Ke3 Ke5 32. Ne2 Rb3+ 33. Nc3 Rb8 34. Ne2 Rb3+ 35. Nc3 h6 36. Rf2 Rb8 37. Na4 Rb3+ 38. Nc3 c6 39. Rd2 Rb8 40. Na4 Rb3+ 41. Nc3 Bg4 42. h4 gxh4 43. gxh4 Rb8 44. Rd4 Be6 45. Rd2 Rg8 46. Kf3 Rg4 47. Rh2 h5 48. Rg2 Rxh4 49. Rg5+ Kf6 50. Rc5 Rh2 51. Kf4 Rf2+ 52. Ke3 Rxb2 53. Rxh5 Rc2 54. Kd4 c5+ 0-1

[Event "Cheliabinsk Lozovatsky Memorial-A"]
[Site "Cheliabinsk"]
[Date "2023.02.03"]
[Round "8"]
[White "Voinikonis, Nikita"]
[Black "Stupak, Kirill"]
[Result "0-1"]
[WhiteElo "2074"]
[BlackElo "2453"]
[PlyCount "74"]
[EventDate "2023.01.27"]
[EventType "swiss"]
[EventRounds "10"]
[EventCountry "RUS"]
[SourceTitle "CBM 212 Extra"]
[Source "ChessBase"]
[SourceDate "2023.03.31"]
[SourceVersion "1"]
[SourceVersionDate "2023.03.31"]
[SourceQuality "1"]

1. d4 Nf6 2. c4 b6 3. Nc3 Bb7 4. Nf3 e6 5. a3 Ne4 6. Nxe4 Bxe4 7. e3 c5 8. Bd3 Bb7 9. dxc5 bxc5 10. e4 Nc6 11. 0-0 Qc7 12. Qe2 e5 13. Bc2 Be7 14. Bd2 0-0 15. Rab1 a5 16. Rfe1 Rfc8 17. a4 Nd8 18. h4 Ne6 19. h5 Rf8 20. Bd3 d6 21. g3 Qc6 22. Ra1 f5 23. Qf1 f4 24. g4 Bc8 25. Qg2 Rb8 26. Ra2 Rb3 27. Bc3 Nd4 28. Rd1 Be6 29. Kh2 Qa6 30. Nd2 f3 31. Qh3 Rbb8 32. Rg1 Bg5 33. Qf1 Bxd2 34. Bxd2 Ne2 35. Bxe2 fxe2 36. Qe1 Qxc4 37. Ra1 Qxe4 0-1

[Event "Cheliabinsk Lozovatsky Memorial-A"]
[Site "Cheliabinsk"]
[Date "2023.02.01"]
[Round "6"]
[White "Galaktionov, Artem"]
[Black "Stupak, Kirill"]
[Result "1/2-1/2"]
[WhiteElo "2302"]
[BlackElo "2453"]
[PlyCount "55"]
[EventDate "2023.01.27"]
[EventType "swiss"]
[EventRounds "10"]
[EventCountry "RUS"]
[SourceTitle "CBM 212 Extra"]
[Source "ChessBase"]
[SourceDate "2023.03.31"]
[SourceVersion "1"]
[SourceVersionDate "2023.03.31"]
[SourceQuality "1"]

1. d4 d5 2. c4 e6 3. Nf3 a6 4. cxd5 exd5 5. Nc3 c6 6. e4 dxe4 7. Ng5 Be7 8. Ngxe4 Nf6 9. Bc4 0-0 10. 0-0 Nbd7 11. Re1 Nxe4 12. Nxe4 Nf6 13. Bf4 Nxe4 14. Rxe4 Bf5 15. Re3 Bf6 16. Be5 Bxe5 17. Rxe5 Qf6 18. Qe2 Rad8 19. Rd1 g6 20. h3 Rd6 21. Bb3 Be6 22. Rd3 Bxb3 23. Rxb3 b5 24. Qe4 Qd8 25. Rd3 Rd5 26. Re3 Rxd4 27. Qxc6 Qd6 28. Qxd6 1/2-1/2

[Event "Cheliabinsk Lozovatsky Memorial-A"]
[Site "Cheliabinsk"]
[Date "2023.01.31"]
[Round "5"]
[White "Stupak, Kirill"]
[Black "Orozbaev, Eldiar"]
[Result "1/2-1/2"]
[WhiteElo "2453"]
[BlackElo "2266"]
[PlyCount "42"]
[EventDate "2023.01.27"]
[EventType "swiss"]
[EventRounds "10"]
[EventCountry "RUS"]
[SourceTitle "CBM 212 Extra"]
[Source "ChessBase"]
[SourceDate "2023.03.31"]
[SourceVersion "1"]
[SourceVersionDate "2023.03.31"]
[SourceQuality "1"]

1. d4 d5 2. Nf3 Nf6 3. c4 dxc4 4. Nc3 a6 5. e4 b5 6. e5 Nd5 7. a4 e6 8. axb5 Bb4 9. Qc2 Nb6 10. Qe4 Qd5 11. Qg4 axb5 12. Rxa8 Qxa8 13. Qxg7 Bxc3+ 14. bxc3 Qa1 15. Qxh8+ Kd7 16. Be2 Qxc1+ 17. Bd1 Qxc3+ 18. Nd2 Nc6 19. Qxh7 Nxd4 20. Qxf7+ Kc6 21. Qf4 Nd5 1/2-1/2

[Event "Cheliabinsk Lozovatsky Memorial-A"]
[Site "Cheliabinsk"]
[Date "2023.01.28"]
[Round "2"]
[White "Gurvich, Vitaly"]
[Black "Stupak, Kirill"]
[Result "1/2-1/2"]
[WhiteElo "2278"]
[BlackElo "2453"]
[PlyCount "58"]
[EventDate "2023.01.27"]
[EventType "swiss"]
[EventRounds "10"]
[EventCountry "RUS"]
[SourceTitle "CBM 212 Extra"]
[Source "ChessBase"]
[SourceDate "2023.03.31"]
[SourceVersion "1"]
[SourceVersionDate "2023.03.31"]
[SourceQuality "1"]

1. d4 Nf6 2. c4 e6 3. Nf3 d5 4. g3 Be7 5. Bg2 Ne4 6. 0-0 f5 7. Ne5 Nd7 8. Nd3 0-0 9. cxd5 exd5 10. Nc3 c6 11. Qc2 Bd6 12. Bf4 Bxf4 13. Nxf4 Ndf6 14. e3 Qe7 15. Rae1 Bd7 16. Nd3 Rae8 17. f3 Nd6 18. Ne5 Nf7 19. Nd3 Qd8 20. a3 Be6 21. Qa4 a5 22. Qc2 Nd6 23. b3 Nf7 24. Na4 Bc8 25. Qc5 Nd7 26. Qc2 Qe7 27. Qc1 Qd6 28. Ndc5 Nxc5 29. dxc5 Qb8 1/2-1/2

[Event "Orsha op-A 21st"]
[Site "Orsha"]
[Date "2023.01.24"]
[Round "8"]
[White "Stupak, Kirill"]
[Black "Dambaev, Dashi"]
[Result "1/2-1/2"]
[WhiteElo "2453"]
[BlackElo "1611"]
[PlyCount "78"]
[EventDate "2023.01.19"]
[EventType "swiss"]
[EventRounds "9"]
[EventCountry "BLR"]
[SourceTitle "CBM 212 Extra"]
[Source "ChessBase"]
[SourceDate "2023.03.31"]
[SourceVersion "1"]
[SourceVersionDate "2023.03.31"]
[SourceQuality "1"]

1. d4 d5 2. Nf3 Nf6 3. c4 c6 4. Nc3 e6 5. g3 Nbd7 6. Bg2 dxc4 7. 0-0 b5 8. e4 Bb7 9. e5 Nd5 10. Ng5 h6 11. Nxe6 fxe6 12. Qh5+ Ke7 13. Ne4 Qe8 14. Bg5+ hxg5 15. Qxh8 Kd8 16. Nxg5 Kc7 17. Qh3 Kb6 18. Qxe6 Qxe6 19. Nxe6 Nb4 20. b3 cxb3 21. axb3 a5 22. Be4 c5 23. Bxb7 Kxb7 24. Nxf8 Nxf8 25. dxc5 Kc6 26. Rfd1 Nd5 27. Rd2 Ne6 28. b4 Ng5 29. Kg2 a4 30. Rad1 Rd8 31. Rd3 Ne6 32. Kg1 g5 33. h3 Rd7 34. Rb1 Rd8 35. Rbd1 Rd7 36. Kh2 Nec7 37. Rd4 Ne6 38. R4d2 Nec7 39. Rd4 Ne6 1/2-1/2

[Event "Orsha GM 12"]
[Site "Orsha"]
[Date "2022.12.21"]
[Round "7"]
[White "Stupak, Kirill"]
[Black "Gavrilov, Maxim"]
[Result "0-1"]
[WhiteElo "2453"]
[BlackElo "2274"]
[PlyCount "100"]
[EventDate "2022.12.17"]
[EventType "tourn"]
[EventRounds "9"]
[EventCountry "BLR"]
[EventCategory "6"]
[SourceTitle "CBM 212 Extra"]
[Source "ChessBase"]
[SourceDate "2023.03.31"]
[SourceVersion "1"]
[SourceVersionDate "2023.03.31"]
[SourceQuality "1"]

1. d4 Nf6 2. Bf4 d5 3. e3 c5 4. c3 Nc6 5. Nd2 cxd4 6. exd4 Bf5 7. Qb3 Qc8 8. Ngf3 e6 9. Nh4 Bg6 10. Nxg6 hxg6 11. Bd3 Qd7 12. Nf3 Bd6 13. Bxd6 Qxd6 14. Qxb7 0-0 15. Qa6 Rab8 16. Bb5 Rb6 17. Qa4 Ne7 18. b3 Ne4 19. c4 a6 20. c5 Nxc5 21. dxc5 Qxc5 22. Bd3 Rb4 23. Qd7 Qc3+ 24. Ke2 Qb2+ 25. Nd2 Qe5+ 26. Be4 Nf5 27. Rac1 dxe4 28. Nc4 Qf4 29. Qd2 Qg4+ 30. Kf1 Rb5 31. h3 Qh4 32. Re1 Rd8 33. Qe2 Qf6 34. Kg1 Rd4 35. Qc2 Rbd5 36. Kh2 Nh4 37. Rxe4 Rg5 38. Ne3 Rxe4 39. Qxe4 Qxf2 40. Rf1 Qg3+ 41. Kg1 Qxh3 42. Rf4 Nf5 43. Nf1 Qc3 44. Qa8+ Kh7 45. Qxa6 Qc5+ 46. Rf2 Nh4 47. g3 Nf3+ 48. Kg2 Ne1+ 49. Kg1 Rf5 50. Qe2 Nd3 0-1

[Event "Chigorin Memorial 29th"]
[Site "St Petersburg"]
[Date "2022.10.28"]
[Round "7"]
[White "Stupak, Kirill"]
[Black "Getman, Tatyana"]
[Result "1-0"]
[WhiteElo "2448"]
[BlackElo "2119"]
[PlyCount "69"]
[EventDate "2022.10.22"]
[EventType "swiss"]
[EventRounds "9"]
[EventCountry "RUS"]
[SourceTitle "EXT 2024"]
[Source "ChessBase"]
[SourceDate "2023.10.10"]
[SourceVersion "1"]
[SourceVersionDate "2023.10.10"]
[SourceQuality "1"]

1. d4 Nf6 2. c4 e6 3. Nf3 d5 4. Nc3 Bb4 5. Bg5 h6 6. Bh4 g5 7. Bg3 dxc4 8. a3 Bxc3+ 9. bxc3 b5 10. a4 c6 11. Nd2 Nbd7 12. e4 a5 13. h4 b4 14. hxg5 bxc3 15. gxf6 cxd2+ 16. Qxd2 Ba6 17. Rc1 Nb6 18. Be5 Nd7 19. Bxc4 Nxe5 20. dxe5 Qxd2+ 21. Kxd2 Kd7 22. Ke3 Kc7 23. Bb5 Bxb5 24. axb5 a4 25. Rxc6+ Kb7 26. Rd1 a3 27. Ra6 Rhg8 28. g3 h5 29. Rd7+ Kb8 30. Rxa8+ Kxa8 31. b6 a2 32. Ra7+ Kb8 33. Rxa2 Rh8 34. Ra7 Rh7 35. Kd4 1-0

[Event "Chigorin Memorial 29th"]
[Site "St Petersburg"]
[Date "2022.10.22"]
[Round "1"]
[White "Stupak, Kirill"]
[Black "Filimonov, Viktor"]
[Result "1-0"]
[WhiteElo "2448"]
[BlackElo "1765"]
[PlyCount "59"]
[EventDate "2022.10.22"]
[EventType "swiss"]
[EventRounds "9"]
[EventCountry "RUS"]
[SourceTitle "EXT 2024"]
[Source "ChessBase"]
[SourceDate "2023.10.10"]
[SourceVersion "1"]
[SourceVersionDate "2023.10.10"]
[SourceQuality "1"]

1. d4 Nf6 2. g3 g6 3. Bg2 Bg7 4. e4 d6 5. Nc3 0-0 6. Nge2 e5 7. 0-0 Nc6 8. dxe5 dxe5 9. Bg5 Be6 10. Nd5 Bxd5 11. exd5 Ne7 12. c4 h6 13. Bd2 a5 14. Bc3 Qd6 15. Qd2 Nd7 16. Bxa5 f5 17. Bb4 Nc5 18. Nc3 Qb6 19. Nb5 f4 20. Nxc7 f3 21. Nxa8 Qd6 22. Bxf3 Rxf3 23. Bxc5 Qxc5 24. d6 Nc6 25. Qd5+ Qxd5 26. cxd5 Nb4 27. d7 Rf8 28. Rac1 Bf6 29. Rc8 Bd8 30. Nc7 1-0

[Event "Cheliabinsk Panchenko Memorial op-A"]
[Site "Cheliabinsk"]
[Date "2022.09.21"]
[Round "10"]
[White "Stupak, Kirill"]
[Black "Schekachikhin, Maksim"]
[Result "1/2-1/2"]
[WhiteElo "2466"]
[BlackElo "2367"]
[PlyCount "21"]
[EventDate "2022.09.12"]
[EventType "swiss"]
[EventRounds "10"]
[EventCountry "RUS"]
[SourceTitle "CBM 210 Extra"]
[Source "ChessBase"]
[SourceDate "2022.11.30"]
[SourceVersion "1"]
[SourceVersionDate "2022.11.30"]
[SourceQuality "1"]

1. d4 Nf6 2. c4 e6 3. Nc3 d5 4. Nf3 dxc4 5. e4 b5 6. e5 Nd5 7. Nxb5 Nb6 8. Bg5 Be7 9. Qd2 0-0 10. Be2 Nc6 11. Bxe7 1/2-1/2

[Event "Cheliabinsk Panchenko Memorial op-A"]
[Site "Cheliabinsk"]
[Date "2022.09.20"]
[Round "9"]
[White "Lobanov, Sergei"]
[Black "Stupak, Kirill"]
[Result "1-0"]
[WhiteElo "2535"]
[BlackElo "2466"]
[PlyCount "69"]
[EventDate "2022.09.12"]
[EventType "swiss"]
[EventRounds "10"]
[EventCountry "RUS"]
[SourceTitle "CBM 210 Extra"]
[Source "ChessBase"]
[SourceDate "2022.11.30"]
[SourceVersion "1"]
[SourceVersionDate "2022.11.30"]
[SourceQuality "1"]

1. e4 e6 2. d4 d5 3. Nc3 Bb4 4. e5 c5 5. a3 Ba5 6. b4 cxd4 7. Qg4 Kf8 8. Nb5 Bb6 9. Nf3 Nc6 10. Bb2 Nge7 11. Bd3 Ng6 12. Qg3 f6 13. Bxg6 hxg6 14. Nbxd4 Nxe5 15. Nxe5 fxe5 16. Qxe5 Rh5 17. Qg3 Qg5 18. Qd6+ Kf7 19. f4 Qf6 20. 0-0-0 Qe7 21. Qxe7+ Kxe7 22. Rde1 Bxd4 23. Bxd4 Kf7 24. h4 Bd7 25. g4 Rhh8 26. h5 gxh5 27. gxh5 Rh7 28. Re5 b6 29. Rg5 Rg8 30. Rhg1 Be8 31. Kb2 Bd7 32. Kb3 Bb5 33. a4 Be2 34. h6 g6 35. Bg7 1-0

[Event "Cheliabinsk Panchenko Memorial op-A"]
[Site "Cheliabinsk"]
[Date "2022.09.17"]
[Round "6"]
[White "Stupak, Kirill"]
[Black "Radzhabov, Rodion"]
[Result "1/2-1/2"]
[WhiteElo "2466"]
[BlackElo "2324"]
[PlyCount "57"]
[EventDate "2022.09.12"]
[EventType "swiss"]
[EventRounds "10"]
[EventCountry "RUS"]
[SourceTitle "CBM 210 Extra"]
[Source "ChessBase"]
[SourceDate "2022.11.30"]
[SourceVersion "1"]
[SourceVersionDate "2022.11.30"]
[SourceQuality "1"]

1. d4 Nf6 2. c4 e6 3. Nc3 Bb4 4. g3 d5 5. Bg2 0-0 6. a3 Bxc3+ 7. bxc3 dxc4 8. Qa4 Bd7 9. Qxc4 Bc6 10. f3 Qd5 11. Qa2 Bb5 12. a4 Bc4 13. Qa3 c5 14. e4 Qc6 15. Be3 Nbd7 16. Nh3 Ba6 17. a5 Rac8 18. Ra2 Ne8 19. e5 Bc4 20. f4 Bd5 21. Bxd5 Qxd5 22. 0-0 Nc7 23. Rb2 Qe4 24. Bd2 h6 25. Re1 Qc6 26. Qb3 Rb8 27. f5 exf5 28. Nf4 c4 29. Qb4 1/2-1/2

[Event "Cheliabinsk Kurnosov Memorial Rapid-A"]
[Site "Cheliabinsk"]
[Date "2022.09.11"]
[Round "10"]
[White "Stupak, Kirill"]
[Black "Paravyan, David"]
[Result "1-0"]
[WhiteElo "2466"]
[BlackElo "2592"]
[PlyCount "69"]
[EventDate "2022.09.09"]
[EventType "swiss (rapid)"]
[EventRounds "11"]
[EventCountry "RUS"]
[SourceTitle "CBM 210 Extra"]
[Source "ChessBase"]
[SourceDate "2022.11.30"]
[SourceVersion "1"]
[SourceVersionDate "2022.11.30"]
[SourceQuality "1"]

1. d4 Nf6 2. g3 g6 3. Bg2 d5 4. c4 c6 5. Qa4 Nfd7 6. Qc2 dxc4 7. Qxc4 Nb6 8. Qd3 Bg7 9. Nf3 Bg4 10. Nbd2 0-0 11. h3 Bf5 12. e4 Bc8 13. Qc2 Bxd4 14. Nxd4 Qxd4 15. 0-0 Na6 16. Nf3 Qc5 17. Qe2 Be6 18. b3 Rad8 19. Be3 Qb5 20. Qxb5 cxb5 21. Nd4 Bd7 22. e5 Nb4 23. Bxb7 Bxh3 24. Rfd1 N6d5 25. Bh6 Nc3 26. Rd2 Rfe8 27. a3 Rd7 28. Bf3 Na6 29. Bc6 Rc8 30. Bxd7 Bxd7 31. Rc1 b4 32. axb4 Nxb4 33. Nc2 Ncd5 34. Rcd1 Be8 35. Nxb4 1-0

[Event "Madurai Athens of the East op 2nd"]
[Site "Madurai"]
[Date "2022.07.02"]
[Round "6"]
[White "Girinath, PDS"]
[Black "Stupak, Kirill"]
[Result "1/2-1/2"]
[WhiteElo "2361"]
[BlackElo "2453"]
[PlyCount "39"]
[EventDate "2022.06.28"]
[EventType "swiss"]
[EventRounds "10"]
[EventCountry "IND"]
[SourceTitle "EXT 2023"]
[Source "ChessBase"]
[SourceDate "2022.10.05"]
[SourceVersion "1"]
[SourceVersionDate "2022.10.05"]
[SourceQuality "1"]

1. e4 e6 2. d4 d5 3. Nd2 Nc6 4. Ngf3 Nf6 5. e5 Nd7 6. Be2 f6 7. exf6 Qxf6 8. Nf1 Bd6 9. Ne3 0-0 10. 0-0 Qg6 11. c4 Nf6 12. c5 Be7 13. Bb5 Bd7 14. a4 a5 15. Bxc6 Bxc6 16. Ne5 Qe8 17. Nf3 Qg6 18. Ne5 Qe8 19. Nf3 Qg6 20. Ne5 1/2-1/2